PacWest Logo Quiz - Statistics

General Stats
  • This quiz has been taken 3 times
  • The average score is 1 of 13
Answer Stats
Picture Answer % Correct
Concordia-Irvine
100%
Dominican
33%
Azusa Pacific
0%
Biola
0%
Chaminade
0%
Fresno Pacific
0%
Hawaii Hilo
0%
Hawaii Pacific
0%
Jessup
0%
Menlo
0%
Point Loma
0%
Vanguard
0%
Westmont
0%
No matching quizzes found
Score Distribution
Percent of People with Each Score
Percentile by Number Answered
Your Score History
You have not taken this quiz